Forms of citizens' communication with the public administration institutions

Globalizácia a technologický rozvoj spôsobujúce zmeny, nútiace podniky aj vládu reagovať. Vývoj informačných a komunikačných technológií meniaci spôsob, akým ľudia získavajú informácie, komunikujú, pracujú. Revolúcia internetu otvárajúca nové príležitosti pre všetky hospodárske subjekty. Vláda, ktor...

Description complète

Enregistré dans:
Détails bibliographiques
Auteur principal: Štofková, Jana
Autres auteurs: Gašová, Katarína
Format: Chapitre de livre
Langue:anglais
Sujets:
Tags: Ajouter un tag
Pas de tags, Soyez le premier à ajouter un tag!

MARC

LEADER 00000naa a2200000 4500
001 0234468
005 20220715120524.6
041 0 |a eng 
044 |a SK 
245 1 0 |a Forms of citizens' communication with the public administration institutions  |c Jana Stofkova, Katarina Gasova 
520 |a Globalizácia a technologický rozvoj spôsobujúce zmeny, nútiace podniky aj vládu reagovať. Vývoj informačných a komunikačných technológií meniaci spôsob, akým ľudia získavajú informácie, komunikujú, pracujú. Revolúcia internetu otvárajúca nové príležitosti pre všetky hospodárske subjekty. Vláda, ktorá chce uspokojiť meniaci sa dopyt a potreby občanov, musí byť flexibilná a prispôsobiť sa tomuto pokroku, čo vedie k elektronickej verejnej správe. Spôsoby komunikácie medzi občanmi a inštitúciami verejnej správy a hodnotenie ich spokojnosti s poskytovanými službami elektronickej verejnej správy. 
610 2 0 |a komunikácia 
610 2 0 |a komunikácia elektronická 
610 2 0 |a správa verejná 
610 2 0 |a správa verejná elektronická 
610 2 0 |a globalizácia 
610 2 0 |a technológie komunikačné 
610 2 0 |a technológie nové 
610 2 0 |a vláda 
610 2 0 |a občania 
610 2 0 |a spokojnosť zákazníkov 
100 1 |a Štofková, Jana 
700 1 |a Gašová, Katarína